Представление документа в формате MARC21

Поле Инд. ПП Название Значение
Тип записи a
Библиографический уровень m
001 Контрольный номер 78372842-931b-4130-b7cb-648f61b9cde2
005 Дата корректировки 20141114153926.1
008 Кодируемые данные 960430 d
020 c Цена, тираж 500-00
040 a Служба первич. каталог. НБ ТвГУ
041 a Код языка текста rus
080 a Индекс УДК 93"19"(075.8)
084 a Индекс другой классификации/Индекс ББК Т3(0)6я731-1
090 a Полочн. индекс Т3(0)6
x Авторский знак Н72
245 10 a Заглавие Новейшая история стран Запада
b Продолж. заглавия метод. указания к семинар. занятиям для студентов ист.фак. IV курса
c Ответственность Твер. гос. ун-т. Каф. новой и новейш. истории; [Сост. Т. И. Мартынова]
260 0_ a Место издания Тверь
b Издательство Тверской государственный университет
c Дата издания 1995
300 a Объем 10 с., включ. обл.
650 a Основная рубрика Новейшая история
x Основная подрубрика Учебники для вузов
653 a Ключевые слова Новейшая история
a Ключевые слова Труды Тверского государственного университета
a Ключевые слова Учебники
700 1_ a Другие авторы Мартынова Т. И.
e Роль лиц сост.
710 a Организация/ юрисдикция Тверской государственный университет
852 t Порядковый номер экземпляра 2
p Инвентарный номер 666100
p Инвентарный номер 666101
852 t Порядковый номер экземпляра 1
p Инвентарный номер 832 - 1 экз.
852 p Инвентарный номер 832 - 1 экз.
852 t Порядковый номер экземпляра 6
p Инвентарный номер 832 - 6 экз.
930 a Новая/Ретро Учебники
954 a Дата поступления на обработку 14.09.95
999 a Подразделение 2 аб.
a Подразделение 2 ч.з.
a Подразделение 2 кх.
a Подразделение 2 уч.о.